000 00680nam a2200217 a 4500
005 20160206155620.0
008 140219s1995 ck ||||| |||| 00| 0 spa d
040 _aCO-BoIAVH
_cCO-BoIAVH
041 _aspa
044 _ack
082 0 4 _a581.467
_bH86m
100 1 _aHoyos M., Saulo
245 1 0 _aManual de recolección, tratamiento y almacenaje de semillas forestales /
_cSaulo Hoyos M.
250 _aSegunda edición
260 _aRíonegro :
_bCORNARE,
_c1995.
300 _a86 páginas ;
_c21 cm.
650 1 4 _aSemillas
_xIdentificación
650 2 4 _aSemillas
_xClasificación
700 1 _aAlzate C., Norman,
_erealizador.
942 _cLIBRO
_2ddc
999 _c187
_d187